[Event "EU-ch U12 Girls 26th"]
[Site "Prague"]
[Date "2016.08.24"]
[Round "6"]
[White "Djordjevic, Nevena"]
[Black "Deleu, Ellen"]
[Result "1-0"]
[WhiteElo "1431"]
[BlackElo "1181"]
[PlyCount "115"]
[EventDate "2016.08.18"]
[EventType "swiss"]
[EventRounds "9"]
[EventCountry "CZE"]
[SourceTitle "CBM 174 Extra"]
[Source "ChessBase"]
[SourceDate "2016.10.10"]
[SourceVersion "1"]
[SourceVersionDate "2016.10.10"]
[SourceQuality "1"]

1. d4 d5 2. c4 e6 3. cxd5 exd5 4. Nc3 Bb4 5. Bf4 Ne7 6. e3 Bf5 7. Bd3 Bg6 8. Nf3 Nbc6 9. 0-0 0-0 10. a3 Bd6 11. Bg3 Bxd3 12. Qxd3 Ng6 13. Qb5 a6 14. Qxb7 Bxg3 15. hxg3 Nge7 16. Qb3 Qd6 17. Qc2 Qh6 18. Nh4 Rfd8 19. Nf5 Nxf5 20. Qxf5 Ne7 21. Qg4 Rd6 22. Qh4 Nf5 23. Qxh6 Nxh6 24. Rfe1 Rc8 25. Re2 Ng4 26. Rae1 Nf6 27. Na4 a5 28. Nc5 Rb8 29. Rc2 c6 30. Rec1 Rb6 31. Nd3 Nd7 32. Nc5 Nf6 33. Rb1 Ne8 34. Rbc1 Nf6 35. f3 Ne8 36. Kf2 Nf6 37. Nd3 g6 38. Ne5 Ne8 39. Nd3 g5 40. g4 Ng7 41. Nc5 f5 42. Na4 Ra6 43. Nc5 Rb6 44. gxf5 Nxf5 45. g4 Nh4 46. Nd3 Ng6 47. Rb1 Kf8 48. b4 Ne7 49. Rc5 Rb5 50. Rxb5 cxb5 51. bxa5 Nc6 52. Rxb5 Rd8 53. Nb4 Nxb4 54. axb4 Ke7 55. Rb7+ Rd7 56. a6 Kd8 57. Rxd7+ Kxd7 58. a7 1-0